000 00585cam a22002411 4500
001 7963769
005 20180309040953.0
008 761210s1961 njua 000 0 eng
010 _a 61007431
015 _aGB61-7681
035 _a(OCoLC)2612269
040 _aDLC
_cCCC
_dUk
_dOCoLC
_dDLC
041 _aeng
042 _apremarc
080 _a621.81
082 _a621.81 HAL
100 1 _a27
101 _aMEK
245 0 0 _aKinematics and linkage design.
504 _aIncludes bibliography.
906 _a7
_bcbc
_coclcrpl
_du
_encip
_f19
_gy-gencatlg
942 _2ddc
_cBK
999 _c44551
_d44551